000 004150000a22001690004500
003 MACL
005 20160103113008.0
008 160103b xxu||||| |||| 00| 0 eng d
040 _aMACL
_cMACL
041 _aEnglish
082 _a800/HAP
100 _aHapgood, Norman
_927532
245 _aLiterary Statesmen
260 _bDuckworth & co
_c1897
_aLondon
650 _aLiterature
_927533
942 _cBK
_k800/HAP
_2ddc
999 _c39353
_d39353